Primavera del disseny, Barcelona 1997 = Design in Spring / Consorci de Recursos i Documentació per l'Autonomia Personal
Descripción Física:
45 p. : il. col. ; 30 cm
Materias:
Disseny -- Congressos
MARC
| LEADER | 00000nam a2200000Ia 4500 | ||
|---|---|---|---|
| 001 | 19876 | ||
| 008 | 160829s1997 xx 000 0 cat d | ||
| 080 | |a FU-10-76 | ||
| 110 | 2 | |a Consorci de Recursos i Documentació per a l'Autonomia Personal |9 53949 | |
| 245 | |a Primavera del disseny, Barcelona 1997 = Design in Spring / Consorci de Recursos i Documentació per l'Autonomia Personal | ||
| 260 | |a Barcelona : |b CRID, |c 1997 | ||
| 300 | |a 45 p. : |b il. col. ; |c 30 cm | ||
| 590 | |a Inclou: Exposició i taula rodona 'Disseny al servei de tothom'; Curs 'Projectar l'accessibilitat al medi urbà' | ||
| 650 | |a Disseny |x Congressos |9 43858 | ||
| 901 | |a Arxiu | ||
| 942 | |n 1 | ||
| 952 | |0 0 |1 0 |4 0 |6 FU1076 |7 1 |9 51645 |a Arxiu |b Arxiu |d 2016-12-01 |l 0 |o FU-10-76 |p 19876 |r 2016-12-01 00:00:00 |w 2016-12-01 |y ARXIU | ||
| 999 | |c 55490 |d 55490 | ||